[Event "Club 608-Lille"]
[Site "Lille"]
[Date "2008.04.06"]
[Round "11.8"]
[White "Swiercz, Sandra"]
[Black "Mousset Evtouchenko, Nina"]
[Result "1-0"]
[WhiteElo "1918"]
[BlackElo "1808"]
[PlyCount "73"]
[EventDate "2008.04.06"]
[SourceDate "2007.10.24"]

1. e4 c5 2. Nc3 d6 3. g3 Nf6 4. Bg2 Nc6 5. d3 g6 6. Be3 Bg7 7. Nge2 O-O 8. Qd2
Ng4 9. Bf4 e5 10. Be3 Nxe3 11. Qxe3 Nd4 12. Qd2 Rb8 13. O-O b5 14. Nxd4 cxd4
15. Nd5 f5 16. exf5 Bxf5 17. Nb4 Qd7 18. Bc6 Qd8 19. Bd5+ Kh8 20. Nc6 Qf6 21.
Nxb8 Rxb8 22. Qa5 Qe7 23. Bc6 b4 24. Be4 Bh3 25. Rfe1 Bc8 26. Rab1 a6 27. Bc6
Bf6 28. c3 dxc3 29. bxc3 Bf5 30. Qxa6 Bc8 31. Qa5 Bf5 32. Be4 Bg5 33. Rxb4 Rf8
34. Rb7 Qf6 35. Qc7 Bd7 36. f3 Rf7 37. Qb8+ 1-0

[Event "Arcueil-Henin Beaumont"]
[Site "Lille"]
[Date "2008.04.06"]
[Round "11.1"]
[White "Mircescu, Ovidiu"]
[Black "Petitcunot, Pierre"]
[Result "1/2-1/2"]
[WhiteElo "2162"]
[BlackElo "2400"]
[PlyCount "49"]
[EventDate "2008.04.06"]
[SourceDate "2007.10.24"]

1. e4 g6 2. d4 Bg7 3. Nc3 c6 4. Be3 d5 5. Qd2 dxe4 6. Nxe4 Nd7 7. Bc4 Ngf6 8.
Ng5 Nd5 9. N1f3 O-O 10. h4 e5 11. O-O-O h6 12. Nxf7 Rxf7 13. Bxh6 e4 14. h5
gxh5 15. Nh4 Qf6 16. Bxg7 Kxg7 17. Qe2 Qg5+ 18. Kb1 N7f6 19. Rdg1 Re7 20. Qd1
Ng4 21. Nf3 Qf5 22. Qd2 Qf4 23. Rxh5 Qxd2 24. Nxd2 Ndf6 25. Rg5+ 1/2-1/2

[Event "Arcueil-Henin Beaumont"]
[Site "Lille"]
[Date "2008.04.06"]
[Round "11.2"]
[White "Fossier, Francois"]
[Black "Daubas, Christophe"]
[Result "1-0"]
[WhiteElo "2248"]
[BlackElo "2033"]
[PlyCount "41"]
[EventDate "2008.04.06"]
[SourceDate "2007.10.24"]

1. d4 Nf6 2. Nf3 g6 3. Nc3 d5 4. Bf4 Bg7 5. e3 O-O 6. Be2 Bg4 7. Ne5 Bxe2 8.
Qxe2 a6 9. h4 c5 10. g4 Nfd7 11. O-O-O e6 12. h5 Nc6 13. hxg6 fxg6 14. Bh6
Ndxe5 15. Bxg7 Kxg7 16. dxe5 h6 17. f4 Qe7 18. Rh3 Rh8 19. Qh2 Rh7 20. f5 exf5
21. Nxd5 1-0

[Event "Arcueil-Henin Beaumont"]
[Site "Lille"]
[Date "2008.04.06"]
[Round "11.3"]
[White "Zeller, Olivier"]
[Black "Van Rompu, Alexandre"]
[Result "1/2-1/2"]
[WhiteElo "2016"]
[BlackElo "2112"]
[PlyCount "75"]
[EventDate "2008.04.06"]
[SourceDate "2007.10.24"]

1. e4 c5 2. Nf3 a6 3. Be2 Nc6 4. O-O Nf6 5. d3 e6 6. Re1 Qc7 7. Nbd2 d5 8. Bf1
Be7 9. c3 O-O 10. e5 Nd7 11. d4 cxd4 12. cxd4 f6 13. exf6 Nxf6 14. Nb3 Bd6 15.
Bd3 Ng4 16. Bxh7+ Kh8 17. Ne5 Bxe5 18. dxe5 Ncxe5 19. f4 Kxh7 20. fxe5 Nf2 21.
Qh5+ Kg8 22. Be3 Nd3 23. Rf1 Bd7 24. Bd4 Bb5 25. Qg4 Qe7 26. Rf6 Rae8 27. Raf1
Rxf6 28. exf6 Qf7 29. Rf3 e5 30. fxg7 Qxg7 31. Qh5 Nf4 32. Rxf4 exf4 33. Kf2
Qh7 34. Qxd5+ Qf7 35. Qg5+ Kh7 36. Qh4+ Kg6 37. Qg4+ Kh7 38. Qh4+ 1/2-1/2

[Event "Arcueil-Henin Beaumont"]
[Site "Lille"]
[Date "2008.04.06"]
[Round "11.4"]
[White "Rouze, Xavier"]
[Black "Freitas, Jean Paul"]
[Result "1-0"]
[WhiteElo "2033"]
[BlackElo "1977"]
[PlyCount "55"]
[EventDate "2008.04.06"]
[SourceDate "2007.10.24"]

1. Nc3 Nf6 2. Nf3 d5 3. e3 e6 4. b3 c5 5. Bb2 Nc6 6. Bb5 Bd7 7. O-O a6 8. Bxc6
Bxc6 9. d4 cxd4 10. Qxd4 Qc7 11. Rfd1 Be7 12. Ne2 Bb5 13. Ng3 O-O-O 14. a4 Be8
15. b4 Qc4 16. Qa7 Bxb4 17. Bd4 Nd7 18. Rab1 Nb8 19. Ne5 Nc6 20. Nxc6 Bxc6 21.
Bb6 Rde8 22. Rd4 Qxc2 23. Rdxb4 Kd7 24. Bd4 f6 25. Rxb7+ Kd6 26. R1b6 Qc1+ 27.
Nf1 Rd8 28. Rxg7 1-0

[Event "Arcueil-Henin Beaumont"]
[Site "Lille"]
[Date "2008.04.06"]
[Round "11.5"]
[White "Debehaigne, Benoit"]
[Black "Broutin, Philippe"]
[Result "1/2-1/2"]
[WhiteElo "1923"]
[BlackElo "2064"]
[PlyCount "42"]
[EventDate "2008.04.06"]
[SourceDate "2007.10.24"]

1. e4 d5 2. exd5 Qxd5 3. Nc3 Qa5 4. d4 Nf6 5. Bc4 Bg4 6. f3 Bh5 7. g4 Bg6 8. h4
h6 9. Nge2 Nc6 10. Bd2 O-O-O 11. Nd5 Nxd5 12. Bxa5 Ne3 13. Qd2 Nxc4 14. Qc3
N4xa5 15. O-O-O e5 16. a3 exd4 17. Nxd4 Nxd4 18. Rxd4 Rxd4 19. Qxd4 Nc6 20. Qc3
f6 21. Qc4 Bd6 1/2-1/2

[Event "Arcueil-Henin Beaumont"]
[Site "Lille"]
[Date "2008.04.06"]
[Round "11.6"]
[White "Sion, Philippe"]
[Black "Cheron, Stephane"]
[Result "1/2-1/2"]
[WhiteElo "1992"]
[BlackElo "1991"]
[PlyCount "52"]
[EventDate "2008.04.06"]
[SourceDate "2007.10.24"]

1. c4 e6 2. e4 c5 3. Nc3 Nc6 4. g3 g6 5. Bg2 Bg7 6. Nge2 Nf6 7. O-O d6 8. d3 a6
9. f4 h5 10. h3 Bd7 11. Be3 Qc8 12. e5 dxe5 13. fxe5 Nxe5 14. Bg5 Nh7 15. Ne4
Qc7 16. Be3 Bc6 17. Qb3 O-O 18. Rad1 Nd7 19. d4 cxd4 20. Bxd4 Bxd4+ 21. Rxd4
Bxe4 22. Bxe4 Nc5 23. Qe3 Nxe4 24. Rxe4 Rac8 25. Kh2 Qc5 26. Qf4 Qg5 1/2-1/2

[Event "Arcueil-Henin Beaumont"]
[Site "Lille"]
[Date "2008.04.06"]
[Round "11.7"]
[White "Cabel Simon, Remi"]
[Black "Masztalir, Matthieu"]
[Result "0-1"]
[WhiteElo "1821"]
[BlackElo "1995"]
[PlyCount "80"]
[EventDate "2008.04.06"]
[SourceDate "2007.10.24"]

1. g3 d5 2. Bg2 Nf6 3. d3 e6 4. Nc3 Bb4 5. a3 Be7 6. e4 O-O 7. e5 Nfd7 8. f4 c5
9. Qh5 Nc6 10. Nge2 Nb6 11. O-O f6 12. exf6 Bxf6 13. Bd2 Nd4 14. Nxd4 Bxd4+ 15.
Kh1 Bd7 16. Rae1 Rc8 17. b3 Qc7 18. a4 Rce8 19. a5 Nc8 20. Nxd5 exd5 21. Bxd5+
Kh8 22. Be4 g6 23. Bxg6 Bc6+ 24. Be4 Bxe4+ 25. dxe4 Qc6 26. Qf3 Rd8 27. f5 Be5
28. Bc3 Qf6 29. Bxe5 Qxe5 30. Rd1 Nd6 31. Rfe1 Nb5 32. Rxd8 Rxd8 33. Qf2 Rd4
34. Qf3 Rd7 35. Qf2 Nc7 36. b4 b6 37. axb6 axb6 38. bxc5 bxc5 39. Rb1 Qxe4+ 40.
Kg1 Qd4 0-1

[Event "Arcueil-Henin Beaumont"]
[Site "Lille"]
[Date "2008.04.06"]
[Round "11.8"]
[White "Belafkih, Kimia"]
[Black "De Sousa, Isabelle"]
[Result "1-0"]
[WhiteElo "1430"]
[BlackElo "1499"]
[PlyCount "47"]
[EventDate "2008.04.06"]
[SourceDate "2007.10.24"]

1. e4 e6 2. Nf3 Nf6 3. Nc3 d5 4. exd5 exd5 5. d4 Nc6 6. Bb5 Bd7 7. Bg5 Bb4 8.
O-O O-O 9. Nxd5 Re8 10. Bxc6 Bxc6 11. Nxb4 Re6 12. d5 Rd6 13. Nxc6 bxc6 14. Qe2
Rxd5 15. Rfe1 h6 16. Bxf6 gxf6 17. Rad1 Qf8 18. Rxd5 cxd5 19. Qe3 Qg7 20. Qf4
Qxg2+ 21. Kxg2 Re8 22. Rxe8+ Kg7 23. Qg4+ Kh7 24. Qg8# 1-0

[Event "Neuville en Ferrain-Issy les Moulineaux"]
[Site "Lille"]
[Date "2008.04.06"]
[Round "11.1"]
[White "Depoorter, Enguerran"]
[Black "Roser, Kevin"]
[Result "1/2-1/2"]
[WhiteElo "2220"]
[BlackElo "2409"]
[PlyCount "175"]
[EventDate "2008.04.06"]
[SourceDate "2007.10.24"]

1. e4 c5 2. Nf3 e6 3. d4 cxd4 4. Nxd4 a6 5. Bd3 Bc5 6. Nb3 Be7 7. Nc3 d6 8. O-O
Nf6 9. Be3 Qc7 10. f4 Nc6 11. a3 b5 12. Qe2 Bb7 13. Rad1 O-O 14. g4 b4 15. axb4
Nxb4 16. g5 Nd7 17. Nd4 Rfe8 18. Qh5 g6 19. Qg4 e5 20. Nf3 exf4 21. Qxf4 Bf8
22. Rf2 Bg7 23. Bf1 Ne5 24. Bd4 Rad8 25. Bg2 Qe7 26. Kh1 Qe6 27. h3 Rf8 28.
Bxe5 dxe5 29. Qe3 Rxd1+ 30. Nxd1 Rd8 31. Nc3 Na2 32. Rd2 Rxd2 33. Nxd2 Nb4 34.
Na4 Qc6 35. Nc5 Nxc2 36. Qc3 Nd4 37. Nxb7 Qxb7 38. Bf1 Bf8 39. Bd3 Bb4 40. Qc1
Qe7 41. Nf1 a5 42. Nh2 Kg7 43. Bc4 f6 44. gxf6+ Qxf6 45. Qe3 h5 46. Kg2 Qf4 47.
Qxf4 exf4 48. Nf3 Nc2 49. Bb5 Ne3+ 50. Kg1 Nd1 51. b3 Nc3 52. Bc6 Be7 53. Nd2
g5 54. Bd7 Bc5+ 55. Kg2 Be3 56. Nc4 Nxe4 57. Nxa5 Nd2 58. Nc4 f3+ 59. Kh1 Nxc4
60. bxc4 Kh6 61. Bf5 Bf2 62. Bd7 Be3 63. Bf5 Kg7 64. Bd7 Kf7 65. Kh2 Bf2 66.
Kh1 Ke7 67. Bf5 Kf6 68. Bd7 Ke5 69. Be8 Kf4 70. Bxh5 Kg3 71. Bg4 Bc5 72. Bf5 f2
73. Bd3 Kxh3 74. Bf1+ Kg3 75. Bg2 Kf4 76. Kh2 g4 77. Kh1 Ke3 78. Bf1 Kf3 79.
Kh2 Ba3 80. c5 Bxc5 81. Kh1 Be7 82. Ba6 Bd6 83. Bb5 Kg3 84. Be2 Bc7 85. Ba6 Kf3
86. Bb5 g3 87. Bf1 Bd6 88. Bg2+ 1/2-1/2

[Event "Neuville en Ferrain-Issy les Moulineaux"]
[Site "Lille"]
[Date "2008.04.06"]
[Round "11.2"]
[White "Emmenecker, Philippe"]
[Black "Degraeve, Jean Pierre"]
[Result "1-0"]
[WhiteElo "2168"]
[BlackElo "2131"]
[PlyCount "49"]
[EventDate "2008.04.06"]
[SourceDate "2007.10.24"]

1. d4 d5 2. Nf3 Nf6 3. c4 c6 4. Nc3 e6 5. Bg5 h6 6. Bxf6 Qxf6 7. Qb3 Qe7 8. a3
g6 9. e4 Bg7 10. O-O-O dxc4 11. Bxc4 O-O 12. Rhe1 Nd7 13. d5 b5 14. Bf1 Nc5 15.
Qc2 exd5 16. exd5 Qf6 17. dxc6 Bf5 18. Nd5 Bxc2 19. Nxf6+ Bxf6 20. Kxc2 a6 21.
Rd6 Ne6 22. g3 Rac8 23. Bh3 Be7 24. Rdxe6 fxe6 25. Bxe6+ 1-0

[Event "Neuville en Ferrain-Issy les Moulineaux"]
[Site "Lille"]
[Date "2008.04.06"]
[Round "11.3"]
[White "Tupet, Guillaume"]
[Black "Ricbour, Jeremy"]
[Result "0-1"]
[WhiteElo "2052"]
[BlackElo "2162"]
[PlyCount "132"]
[EventDate "2008.04.06"]
[SourceDate "2007.10.24"]

1. d4 Nf6 2. c4 e6 3. Nf3 d5 4. Nc3 c6 5. e3 Nbd7 6. Bd3 Be7 7. e4 dxe4 8. Nxe4
Nxe4 9. Bxe4 Nf6 10. Bc2 c5 11. O-O O-O 12. b3 b6 13. Bb2 Bb7 14. Ne5 cxd4 15.
Bxd4 Qc7 16. Qe2 Rad8 17. Rad1 Bc5 18. Bb2 Qe7 19. Ng4 Nxg4 20. Qxg4 f6 21. Qe2
e5 22. Be4 Rfe8 23. h3 g6 24. Bxb7 Qxb7 25. Rd3 Rxd3 26. Qxd3 Be7 27. Rd1 Rd8
28. Qe2 Rxd1+ 29. Qxd1 Qe4 30. Bc3 a5 31. Qd2 Bc5 32. Qd8+ Kg7 33. Qd7+ Kf8 34.
Qd8+ Kf7 35. Qd7+ Be7 36. Qd2 Ke6 37. Kh2 Bd6 38. f3 Qf4+ 39. Qxf4 exf4 40. Kg1
Bc5+ 41. Kf1 g5 42. Ke2 h5 43. Kd3 Bd6 44. Bd4 Bc7 45. a3 f5 46. b4 axb4 47.
axb4 Bd8 48. Bg7 Kf7 49. Be5 Ke6 50. Bd4 Bc7 51. c5 b5 52. Bg7 Kd5 53. Bh6 g4
54. Bg7 Bd8 55. Bh6 Bc7 56. Bg5 Ke5 57. Be7 Kd5 58. Bf8 Be5 59. Be7 Bc7 60. h4
Be5 61. Bd6 Bxd6 62. cxd6 Kxd6 63. fxg4 hxg4 64. h5 Ke6 65. h6 Kf7 66. Kd4 Kg6
0-1

[Event "Neuville en Ferrain-Issy les Moulineaux"]
[Site "Lille"]
[Date "2008.04.06"]
[Round "11.4"]
[White "Demarre, Jacques"]
[Black "Bertrand, Xavier"]
[Result "1-0"]
[WhiteElo "2163"]
[BlackElo "2110"]
[PlyCount "46"]
[EventDate "2008.04.06"]
[SourceDate "2007.10.24"]

1. d4 d5 2. c4 e6 3. Nc3 c6 4. e3 f5 5. Nf3 Nf6 6. Bd3 Bd6 7. O-O O-O 8. b3 Ne4
9. Bb2 Nd7 10. Ne2 Rf6 11. Ne5 Rh6 12. g3 Qe8 13. Nf4 g5 14. Ng2 g4 15. Bxe4
dxe4 16. Nf4 Nf8 17. h3 gxh3 18. Kh2 Bd7 19. Rg1 Rd8 20. g4 Ng6 21. Nh5 Bf8 22.
g5 Nxe5 23. dxe5 Rxh5 {suite illisible} 1-0

[Event "Neuville en Ferrain-Issy les Moulineaux"]
[Site "Lille"]
[Date "2008.04.06"]
[Round "11.5"]
[White "Stevens, Christian"]
[Black "Launiau, Severin"]
[Result "1-0"]
[WhiteElo "2122"]
[BlackElo "2101"]
[PlyCount "63"]
[EventDate "2008.04.06"]
[SourceDate "2007.10.24"]

1. e4 e6 2. d4 d5 3. Nc3 Bb4 4. Nge2 b6 5. a3 Be7 6. Ng3 Qd7 7. Bd3 Ba6 8. Bxa6
Nxa6 9. Qd3 Nb8 10. Bf4 c6 11. O-O dxe4 12. Ncxe4 Nf6 13. Nxf6+ Bxf6 14. Rad1
O-O 15. Ne4 Be7 16. Rfe1 c5 17. Qg3 Rd8 18. Be5 g6 19. Nf6+ Bxf6 20. Bxf6 Nc6
21. d5 Nd4 22. Qg5 Nf5 23. g4 Ng7 24. Bxd8 h6 25. Qe7 Rxd8 26. Qxd7 Rxd7 27.
dxe6 Re7 28. Rd8+ Kh7 29. Rd7 Re8 30. Rxf7 Kg8 31. Rxa7 Nxe6 32. Rb7 1-0

[Event "Neuville en Ferrain-Issy les Moulineaux"]
[Site "Lille"]
[Date "2008.04.06"]
[Round "11.6"]
[White "Troffiguer, Ollivier"]
[Black "Boudrenghien, Francois"]
[Result "1-0"]
[WhiteElo "2120"]
[BlackElo "2096"]
[PlyCount "83"]
[EventDate "2008.04.06"]
[SourceDate "2007.10.24"]

1. d4 d6 2. Nf3 Bg4 3. Nbd2 Nf6 4. c4 Nbd7 5. Qc2 e6 6. e4 e5 7. b3 c6 8. Bb2
Qc7 9. Be2 Be7 10. O-O O-O 11. Rfe1 Rfe8 12. Rac1 Bf8 13. Qb1 Rad8 14. a3 Nh5
15. g3 Nhf6 16. b4 Qb8 17. dxe5 Nxe5 18. Nxe5 Bxe2 19. Nxf7 Kxf7 20. Rxe2 Qc8
21. Rce1 Qg4 22. Qd3 Qg6 23. Qe3 b6 24. Qf4 Kg8 25. Nf3 Qg4 26. Bxf6 Qxf4 27.
gxf4 gxf6 28. Nd4 Bh6 29. f5 c5 30. Ne6 Rd7 31. b5 Kh8 32. f4 Bf8 33. Rg2 Bh6
34. Kf2 Rg8 35. Reg1 Rxg2+ 36. Rxg2 a6 37. bxa6 Ra7 38. Nd8 Bg7 39. Rg3 Rxa6
40. Nf7+ Kg8 41. Nxd6 Kf8 42. Rb3 1-0

[Event "Neuville en Ferrain-Issy les Moulineaux"]
[Site "Lille"]
[Date "2008.04.06"]
[Round "11.7"]
[White "Dessenne, Francois"]
[Black "Sat, Laurent"]
[Result "1-0"]
[WhiteElo "2068"]
[BlackElo "2045"]
[PlyCount "55"]
[EventDate "2008.04.06"]
[SourceDate "2007.10.24"]

1. e4 c5 2. Nf3 Nf6 3. Nc3 d5 4. exd5 Nxd5 5. Bc4 e6 6. O-O Nb6 7. Bb5+ Bd7 8.
d4 cxd4 9. Bg5 Be7 10. Bxe7 Qxe7 11. Qxd4 O-O 12. Ne5 Bxb5 13. Nxb5 Rd8 14. Qe4
Na6 15. Rfd1 Nc5 16. Qf3 Nd5 17. c4 Nf6 18. Nc3 Rac8 19. b4 Qc7 20. Nxf7 Rf8
21. bxc5 Rxf7 22. Nb5 Qxc5 23. Nd6 Rff8 24. Nxc8 Qxc8 25. Qe2 Qc6 26. Rd4 Nd7
27. Rad1 Nc5 28. Rd8 1-0

[Event "Neuville en Ferrain-Issy les Moulineaux"]
[Site "Lille"]
[Date "2008.04.06"]
[Round "11.8"]
[White "Zoeller, Laure"]
[Black "Warkentin, Sabine"]
[Result "1-0"]
[WhiteElo "1972"]
[BlackElo "1774"]
[PlyCount "77"]
[EventDate "2008.04.06"]
[SourceDate "2007.10.24"]

1. e4 c6 2. Nc3 d5 3. Nf3 e6 4. d4 dxe4 5. Nxe4 Be7 6. Bd3 Nf6 7. O-O Nbd7 8.
c3 Nxe4 9. Bxe4 Nf6 10. Bd3 O-O 11. Qc2 h6 12. Bf4 c5 13. Rad1 cxd4 14. Nxd4
Bd7 15. Qb3 Qc8 16. Be2 Bc5 17. Bf3 Bb6 18. Be5 Nh7 19. Be4 Ng5 20. Bb1 f6 21.
Bg3 Nf7 22. Qc2 f5 23. Rfe1 Ng5 24. Bf4 Rf6 25. Qd2 Rg6 26. Bxg5 Rxg5 27. Nxf5
Bxf2+ 28. Kxf2 Qc5+ 29. Ne3 Bc6 30. Qd4 Rf8+ 31. Kg1 Qe7 32. Be4 e5 33. Qc4+
Kh8 34. Bxc6 bxc6 35. Rf1 Rxf1+ 36. Rxf1 Qd6 37. Qe4 Qc5 38. Kh1 Qd6 39. Nc4
1-0

[Event "Rueil Malmaison-Le Touquet"]
[Site "Lille"]
[Date "2008.04.06"]
[Round "11.1"]
[White "Williams, Simon"]
[Black "Therkildsen, Thomas"]
[Result "1-0"]
[WhiteElo "2492"]
[BlackElo "2329"]
[PlyCount "69"]
[EventDate "2008.04.06"]
[SourceDate "2007.10.24"]

1. e4 Nf6 2. e5 Nd5 3. d4 d6 4. Nf3 Nb6 5. a4 a5 6. Bb5+ c6 7. Bd3 dxe5 8. dxe5
Bg4 9. h3 Bxf3 10. Qxf3 e6 11. Bf4 Nd5 12. Nc3 Bb4 13. O-O Bxc3 14. bxc3 Nxf4
15. Qxf4 Nd7 16. h4 Qe7 17. Rfe1 Nc5 18. Re3 h5 19. Rf3 g6 20. Rd1 Rd8 21. Kh2
Rd7 22. Kh3 O-O 23. Re1 Rfd8 24. Ree3 Rd5 25. Qg3 Nxd3 26. cxd3 R5d7 27. Rf6
Kg7 28. Qg5 Kh7 29. Ref3 Rxd3 30. Rxd3 Rxd3+ 31. Kh2 Rd8 32. g4 hxg4 33. h5 Rg8
34. hxg6+ fxg6 35. Qh4+ 1-0

[Event "Rueil Malmaison-Le Touquet"]
[Site "Lille"]
[Date "2008.04.06"]
[Round "11.2"]
[White "Maitesian, Sergei"]
[Black "Pira, Davoud"]
[Result "0-1"]
[WhiteElo "2290"]
[BlackElo "2408"]
[PlyCount "88"]
[EventDate "2008.04.06"]
[SourceDate "2007.10.24"]

1. e4 g6 2. d3 Bg7 3. g3 d5 4. Nd2 e6 5. Bg2 Ne7 6. f4 c5 7. Ngf3 Nbc6 8. O-O
O-O 9. Re1 b6 10. e5 a5 11. Nf1 Ba6 12. Be3 d4 13. Bf2 Nb4 14. Ng5 Rb8 15. g4
Bb7 16. Ne4 Nbd5 17. Bg3 Qd7 18. Qd2 Rbd8 19. h3 Bc6 20. Qf2 h6 21. Re2 f5 22.
exf6 Nxf6 23. Rae1 Nfd5 24. g5 Nf5 25. Nf6+ Bxf6 26. gxf6 Rxf6 27. Bh4 Nxh4 28.
Qxh4 Rdf8 29. Bxd5 Qxd5 30. Ng3 h5 31. Rf1 Qxa2 32. b3 a4 33. Qg5 Kh7 34. bxa4
Qd5 35. Ne4 Qxg5+ 36. Nxg5+ Kg8 37. Nxe6 Re8 38. f5 gxf5 39. Nf4 Rxe2 40. Nxe2
Bxa4 41. c3 dxc3 42. Nxc3 Bc6 43. Re1 Bb7 44. Na4 Ba6 {suite illisible} 0-1

[Event "Rueil Malmaison-Le Touquet"]
[Site "Lille"]
[Date "2008.04.06"]
[Round "11.3"]
[White "Kirszenberg, Marc"]
[Black "Flament, Frederic"]
[Result "1/2-1/2"]
[WhiteElo "2261"]
[BlackElo "2148"]
[PlyCount "35"]
[EventDate "2008.04.06"]
[SourceDate "2007.10.24"]

1. d4 Nf6 2. c4 e6 3. Nf3 b6 4. e3 Bb4+ 5. Nbd2 Bb7 6. Bd3 O-O 7. O-O d5 8. a3
Bd6 9. b4 c5 10. bxc5 bxc5 11. dxc5 Bxc5 12. Nb3 Be7 13. Bb2 Nbd7 14. Rc1 Rc8
15. Qe2 Qb6 16. Rb1 dxc4 17. Bxc4 Be4 18. Rbc1 1/2-1/2

[Event "Rueil Malmaison-Le Touquet"]
[Site "Lille"]
[Date "2008.04.06"]
[Round "11.4"]
[White "Kieffer, Christian"]
[Black "Wilson, Alexandra"]
[Result "1/2-1/2"]
[WhiteElo "2149"]
[BlackElo "2044"]
[PlyCount "64"]
[EventDate "2008.04.06"]
[SourceDate "2007.10.24"]

1. e4 e6 2. Nf3 d5 3. e5 c5 4. b4 Nd7 5. bxc5 Bxc5 6. d4 Be7 7. Bd3 Nb6 8. a4
Bd7 9. c3 Rc8 10. h4 Nh6 11. Rh3 Nf5 12. g4 Nxh4 13. Rxh4 Bxh4 14. g5 h6 15.
Nxh4 hxg5 16. Ng2 Rh1+ 17. Bf1 f5 18. exf6 Qxf6 19. Ne3 e5 20. Ng4 Bxg4 21.
Qxg4 exd4 22. Ra2 Kf7 23. Qg2 Re8+ 24. Re2 Rxe2+ 25. Kxe2 Qe5+ 26. Kd2 Rh4 27.
Kc2 dxc3 28. Nxc3 Nxa4 29. Qxd5+ Qxd5 30. Nxd5 Ke6 31. Bxg5 Rh2 32. Bc4 Rxf2+
1/2-1/2

[Event "Rueil Malmaison-Le Touquet"]
[Site "Lille"]
[Date "2008.04.06"]
[Round "11.6"]
[White "Miotti, David"]
[Black "Lagache, Yves"]
[Result "1-0"]
[WhiteElo "1480"]
[BlackElo "1767"]
[PlyCount "87"]
[EventDate "2008.04.06"]
[SourceDate "2007.10.24"]

1. e4 Nf6 2. e5 Nd5 3. c4 Nb6 4. d4 d6 5. Nf3 dxe5 6. Nxe5 N8d7 7. Bf4 Nxe5 8.
Bxe5 Nd7 9. Bf4 c5 10. Nc3 Qa5 11. Qd2 cxd4 12. Nd5 Qxd2+ 13. Kxd2 e5 14. Nc7+
Kd8 15. Nxa8 Bb4+ 16. Kc2 exf4 17. a3 Bc5 18. b4 d3+ 19. Bxd3 Bxf2 20. Rad1 Re8
21. c5 Re7 22. Bb5 a6 23. Bxd7 Rxd7 24. Nb6 Rxd1 25. Rxd1+ Kc7 26. Nxc8 Kxc8
27. Rd6 Kc7 28. Kd3 Bg1 29. h3 Bh2 30. Rd5 f6 31. Ke4 g6 32. a4 h5 33. Kf3 Bg3
34. Rd6 Be1 35. b5 axb5 36. axb5 Bc3 37. Rd1 Be5 38. Ke4 b6 39. c6 Bd6 40. Kd5
g5 41. Ke6 Be5 42. Rd7+ Kc8 43. Rg7 h4 44. Rxg5 1-0

[Event "Rueil Malmaison-Le Touquet"]
[Site "Lille"]
[Date "2008.04.06"]
[Round "11.7"]
[White "Tornare, Michel"]
[Black "Galaczy, Marie"]
[Result "1-0"]
[WhiteElo "1499"]
[BlackElo "1430"]
[PlyCount "51"]
[EventDate "2008.04.06"]
[SourceDate "2007.10.24"]

1. Nf3 d5 2. g3 e6 3. Bg2 c5 4. O-O Nc6 5. d3 Bd6 6. Nbd2 Nge7 7. e4 e5 8. exd5
Nxd5 9. Nc4 Bc7 10. Re1 Bg4 11. h3 Bxf3 12. Qxf3 Nf6 13. Be3 Qe7 14. c3 Rd8 15.
Rad1 Nd5 16. a4 a6 17. d4 Nf6 18. dxe5 Rxd1 19. Qxd1 Nxe5 20. Bf4 Nfd7 21. Nxe5
Bxe5 22. Bxe5 Nxe5 23. f4 O-O 24. Rxe5 Qc7 25. Qe2 Qc8 26. Re7 1-0

[Event "Franconville-Le Vesinet"]
[Site "Le Vesinet"]
[Date "2008.04.06"]
[Round "11.1"]
[White "Debray, Christopher"]
[Black "Large, Laurent"]
[Result "1-0"]
[WhiteElo "2381"]
[BlackElo "2272"]
[PlyCount "67"]
[EventDate "2008.04.06"]
[SourceDate "2007.10.24"]

1. d4 g6 2. c4 Bg7 3. Nf3 c5 4. d5 d6 5. g3 b5 6. cxb5 a6 7. bxa6 Bxa6 8. Bg2
Nf6 9. Nc3 Nbd7 10. O-O O-O 11. Rb1 Ng4 12. Qc2 Nge5 13. Nxe5 Nxe5 14. b3 Qa5
15. Bd2 Rfb8 16. a4 Qc7 17. Rfe1 Rb6 18. f4 Nd7 19. e3 Rab8 20. a5 R6b7 21. Ne4
c4 22. bxc4 Rb2 23. Rxb2 Rxb2 24. Qa4 Nf6 25. Nxf6+ Bxf6 26. Bc1 Rb1 27. Bd2
Rb2 28. Rd1 Bxc4 29. Qc6 Qxc6 30. dxc6 Ba6 31. Bf1 Bc8 32. Bd3 e6 33. a6 Ra2
34. Rb1 1-0

[Event "Franconville-Le Vesinet"]
[Site "Le Vesinet"]
[Date "2008.04.06"]
[Round "11.2"]
[White "Deslandes, Pascal"]
[Black "Appendino, Jerome"]
[Result "1/2-1/2"]
[WhiteElo "2294"]
[BlackElo "2187"]
[PlyCount "52"]
[EventDate "2008.04.06"]
[SourceDate "2007.10.24"]

1. e4 c5 2. c3 Nf6 3. e5 Nd5 4. d4 cxd4 5. cxd4 d6 6. Nf3 Nc6 7. Bc4 Nb6 8. Bb5
d5 9. O-O Bf5 10. Be3 e6 11. Nbd2 Be7 12. Rc1 Rc8 13. a3 O-O 14. b4 Nb8 15. Qb3
a6 16. Be2 Qd7 17. b5 a5 18. Qb2 a4 19. Nb1 Rxc1 20. Rxc1 Rc8 21. Nc3 Bf8 22.
Nd2 Qe7 23. Ncb1 Qd7 24. Rc3 Rxc3 25. Nxc3 Qe7 26. Ncb1 Qc7 1/2-1/2

[Event "Franconville-Le Vesinet"]
[Site "Le Vesinet"]
[Date "2008.04.06"]
[Round "11.4"]
[White "Glod, Philippe"]
[Black "Barthes, Christian"]
[Result "1-0"]
[WhiteElo "2183"]
[BlackElo "2119"]
[PlyCount "91"]
[EventDate "2008.04.06"]
[SourceDate "2007.10.24"]

1. e4 c5 2. c3 Nf6 3. e5 Nd5 4. d4 cxd4 5. Nf3 d3 6. Bxd3 Nc6 7. O-O g6 8. Bxg6
hxg6 9. Qxd5 Qa5 10. Qxa5 Nxa5 11. Bf4 b6 12. Nbd2 Ba6 13. Rfe1 Nc4 14. Nxc4
Bxc4 15. Nd4 Rc8 16. a4 Bh6 17. Bxh6 Rxh6 18. Re3 a6 19. f4 Rh4 20. g3 Rh8 21.
a5 b5 22. Nc2 Bd5 23. Nb4 Bb7 24. Rd1 Rc7 25. Red3 Kd8 26. h4 Kc8 27. Kf2 Rd8
28. R1d2 Rc4 29. Rd4 Rc5 30. Ke3 Kc7 31. Nd5+ Bxd5 32. Rxd5 Rc4 33. R5d4 Rc6
34. Kf3 Kc8 35. Rb4 d5 36. exd6 exd6 37. Rbd4 Kc7 38. Re2 Rc4 39. Re7+ Rd7 40.
Rxd7+ Kxd7 41. Rxc4 bxc4 42. Ke4 Ke6 43. g4 f6 44. f5+ gxf5+ 45. gxf5+ Kf7 46.
Kd5 1-0

[Event "Franconville-Le Vesinet"]
[Site "Le Vesinet"]
[Date "2008.04.06"]
[Round "11.5"]
[White "Moncaubeig, Bruno"]
[Black "Bogdanov, Emil"]
[Result "1-0"]
[WhiteElo "2127"]
[BlackElo "2242"]
[PlyCount "55"]
[EventDate "2008.04.06"]
[SourceDate "2007.10.24"]

1. e4 e5 2. Nc3 Nc6 3. Bb5 Nd4 4. Bc4 g6 5. Nge2 Bg7 6. Nxd4 exd4 7. Ne2 c6 8.
d3 Ne7 9. O-O d5 10. Bb3 O-O 11. Bg5 h6 12. Bxe7 Qxe7 13. exd5 cxd5 14. Bxd5 a5
15. a4 Ra6 16. Ng3 Qg5 17. Bc4 Rb6 18. b3 h5 19. Qc1 Qg4 20. Re1 Rf6 21. Re4
Qd7 22. Qg5 b6 23. Rae1 Bb7 24. Re7 Qc6 25. f3 Kh7 26. Ne4 Rf5 27. Qg3 Qc8 28.
Nd6 1-0

[Event "Franconville-Le Vesinet"]
[Site "Le Vesinet"]
[Date "2008.04.06"]
[Round "11.6"]
[White "Imbert, Etienne"]
[Black "Perrusset, Barbara"]
[Result "1-0"]
[WhiteElo "1920"]
[BlackElo "1876"]
[PlyCount "99"]
[EventDate "2008.04.06"]
[SourceDate "2007.10.24"]

1. c4 e6 2. Nc3 Nf6 3. Nf3 d5 4. cxd5 exd5 5. d4 c6 6. Bg5 Be7 7. e3 O-O 8. h3
Nbd7 9. Bd3 Re8 10. O-O Nf8 11. a3 Ng6 12. Qc2 Bd6 13. e4 dxe4 14. Nxe4 Be7 15.
Rfe1 Nd5 16. Bxe7 Rxe7 17. Nc5 Rxe1+ 18. Rxe1 Ndf4 19. Bf5 Bxf5 20. Qxf5 Qc7
21. h4 h6 22. h5 Nf8 23. Ne5 N4e6 24. Ncd7 Ng5 25. f4 Nxd7 26. fxg5 Nxe5 27.
gxh6 Nc4 28. hxg7 Qg3 29. Re7 Qxg7 30. Re4 Kf8 31. Qc5+ Kg8 32. Qxc4 Qg5 33.
Qe2 Qh6 34. g4 Qg7 35. Re8+ Rxe8 36. Qxe8+ Kh7 37. Qe4+ Kg8 38. Kg2 Qg5 39. Kf3
Qf6+ 40. Kg3 Qf1 41. Qe8+ Kg7 42. Qe5+ Kg8 43. Qg5+ Kf8 44. Qe3 Qf6 45. g5 Qf5
46. b4 a6 47. h6 Qg6 48. Qe5 Kg8 49. Kf4 Kh7 50. Qf5 1-0